Normal view
MARC view
- النقوش-الاثار-تاريخ الاردن-الاردن
Entry Topical Term
001 - CONTROL NUMBER
- control field: 48865
003 - CONTROL NUMBER IDENTIFIER
- control field: JO-AjAnu
005 - DATE AND TIME OF LATEST TRANSACTION
- control field: 20230606082045.0
008 - FIXED-LENGTH DATA ELEMENTS
- fixed length control field: 230606|| aca||aabn | a|a d
040 ## - CATALOGING SOURCE
- Original cataloging agency: JO-AjAnu
- Transcribing agency: JO-AjAnu
150 ## - HEADING--TOPICAL TERM
- Topical term or geographic name entry element: النقوش-الاثار-تاريخ الاردن-الاردن
670 ## - SOURCE DATA FOUND
- Source citation: Work cat.: (JO-AjAnu)24995: اعداد وجمع العبدي، علي احمد, author 48864, النقوش في البيوت الأردنية: دلالة وتاريخ- كفرنجة أنموذجا